000
00329nam a22001577a 4500
003
SGT
020
_a
978-1-4557-4060-4
082
_a
617.7, C14K
100
_a
KRACHMER, JAY H.
245
_a
CORNEA ATLAS
250
_a
3RD
260
_a
LONDON
_b
ELSEVIER
_c
2014
300
_a
363
650
_a
OPHTHALMOLOGY
942
_2
ddc
_c
BK
999
_c
8418
_d
8418